| 000 | 00389nam a2200157Ia 4500 | ||
|---|---|---|---|
| 008 | 230312s9999||||xx |||||||||||||| ||und|| | ||
| 020 | _a0-7486-1379-X | ||
| 082 |
_a720.91767 _bHIL-I |
||
| 100 | _aHillenbrand;Robert | ||
| 245 | 0 | _aIslamic Architecture | |
| 260 |
_bEdinburgh _aUSA _c2000 |
||
| 300 | _a664 | ||
| 546 | _aEng. | ||
| 650 |
_aArchitecture _vIslamic Architecture |
||
| 942 | _cBK | ||
| 999 |
_c7390 _d7390 |
||